Quizzes
Events
Quiz Creation
Community
Videos
Private Events
Remove Ads
Sign In
Join for FREE
Feedback
Dark Mode
Quiz Categories
Sports
Geography
Music
Movies
Television
Just For Fun
Miscellaneous
History
Literature
Language
Science
Gaming
Entertainment
Religion
Holiday
For Kids
Quiz Lab
Recent
Popular Today
Quiz Kudos Today
Editor Picks
Curator Picks
Quizzes by...
Day
Popularity
Type
Ratings
Length
Year
Community
Subscriptions
Recent Discussions
Orange Saloon
Badges
Playlists
Quests
Create
Leaderboards
Showdown
Live 5
Trivia Bingo
Activity
Puzzle Library
Sporcle Events
Private Events
Virtual Trivia
Globe League
Become a Host
Pub Owners
SporcleCon
Opinionation
Our Games
Videos
Blog
Mobile Apps
Partnerships
Remove Ads and Go Orange
Feedback
Entertainment
Celebrity
Famous
Musical
Broadway
Show
Quote
Comic Books
Anime
Superhero
DC Comics
Marvel
Cartoons
Animation
Entertainment
Celebrity
Famous
Musical
Broadway
Show
Quote
Comic Books
Anime
Superhero
DC Comics
Marvel
Cartoons
Animation
Random Quiz
Search Sporcle
×
Curator Pick
Curator Pick
Entertainment
Letter
Type in answers that appear in a list
Type in answers that appear in a list
Classic
Best Score? Go Orange.
Broadway Musicals: Anagrams Stats
Can you name the Broadway Musical, given the anagram?
By
Visaggi
7m
30 Questions
4,105 Plays
4,105 Plays
4,105 Plays
Comments
Comments
Give Quiz Kudos
Give Quiz Kudos
-
- Ratings
hide this ad
More Info
Replay
Link that replays current quiz
Next Quiz
Link to next quiz in quiz playlist
You Got
0%
They Got
Avg Score
30%
Avg Friend Score
Upgrade to see
Score Distribution
Jump to the score distribution portion of the page
Score
0/30
Timer
07:00
0
Plays Today
Anagram
Musical
% Correct
Acts
Cats
98.5%
Vitae
Evita
88.7%
Inane
Annie
82.9%
Agrees
Grease
81.7%
Bare Act
Cabaret
60.2%
Hew Zit
The Wiz
57.9%
Migrate
Ragtime
43.5%
Campy On
Company
43.2%
Winner Out
Urinetown
37.7%
As Rebel Smiles
Les Miserables
31.7%
Think Legion
The Lion King
31.2%
Meek as Skit
Kiss Me Kate
24.2%
Flute Monthly
The Full Monty
23.8%
Teens Hit High
In the Heights
22.2%
Toothed Winos
Into the Woods
22%
Anagram
Musical
% Correct
Glared Rims
Dreamgirls
21%
Amigos Sins
Miss Saigon
19.2%
Hum Semantic
The Music Man
16.4%
Sneaky Admen
Damn Yankees
14.5%
Tap Preen
Peter Pan
14.3%
Hula Cronies
A Chorus Line
13.8%
Gladly Sounds
Guys and Dolls
12.6%
Staging Honey
Anything Goes
11.2%
Asexual Golf Lace
La Cage Aux Folles
10.5%
Flying Run
Funny Girl
10.3%
Arts Expels Rights
Starlight Express
9.3%
Mime Grandly
Me and My Girl
8.4%
Softly Angelic
City of Angels
6.7%
Theatric Yews
Sweet Charity
6.5%
Fiesta Art
State Fair
4.5%
Quiz Playlist
Details
Report
Send in Message
Add To Playlist
More Info:
Rearrange the letters to form the name of a Broadway Musical. The first nine answers are one word musicals. Four musicals begin with "The".
Classic:
Type in answers that appear in a list
Quiz Source
Last Updated: Feb 16, 2017
Curator Pick in
Broadway
Quiz Scoreboard
CHALLENGE
Sign Up to Join the Scoreboard
Show All
Scores
Hide
Comments
May contain spoilers
Recently Published
Billboard Blitz: Fleetwood Mac
by CooCooCachoo
Music
15s
Presidents Visiting Landmarks
by Hejman
History
7m
An Introduction to Baseball
by treessimontrees
Sports
5m
More to Explore
Quiz From the Vault
Featured Blog Post
Where Did the Easter Bunny Come From?
hide this ad
You Might Also Like...
Tags
Broadway Quiz
Letter Quiz
Musical Quiz
anagrams
Broadway Musicals
start
Today's Top Quizzes in Entertainment
Browse Entertainment
hide this ad
Today's Top Quizzes in Letter
Browse Letter
Top Contributed Quizzes in Entertainment
1
7-to-1: DC Comics Villains
2
Marvel Characters Bunker
3
Eurovision 2023 Logic Puzzle
4
Kamen Rider Motifs
5
Dragon Ball Z: Goku's Fights in Order
6
Criteria Quickie: Cartoon Taxonomy II
7
Sorting Pictures: Villains
8
Fictional Villains Letter U Blitz
9
Dragon Ball Z: Mega Character Search
10
Mini Trivia Sudoku: Musicals
Explore More
Trending Topics
NBA
Harry Potter
Crossword
Kpop
Anime
Marvel
Disney
NFL
WWE
Country
Soccer
Song
Puzzle
Pokémon
The Office
hide this ad
More By:
Visaggi
Quiz
Plays
Rating
Category
Featured
Created
Broadway Musicals: Before and After
155,520
4.47
Entertainment
Oct 11, 2010
Missing Word: Broadway Musicals
77,751
4.33
Just For Fun
Sep 26, 2010
Finish the Disney Song II
41,966
4.54
Movies
Sep 23, 2010
Winning QBs in the History of the Super Bowl
12,186
3.97
Sports
Feb 3, 2013
Broadway Musicals: Anagrams
4,105
4.45
Entertainment
Sep 21, 2010
Go to Creator's Profile
Score Distribution
Quiz Creator Spotlight
Visaggi
Follow
Send a Message
Quizzes Created
-
Created Quiz Play Count
-
More By This Creator
Popular Quizzes Today
1
Find the US States - No Outlines Minefield
2
Find the Countries of Europe - No Outlines Minefield
3
The Countries of the World
4
Find the US States
5
US States
6
Popular People in 1961
7
Risky Map Clicking: Biggest States A-Z
8
Movies - When Are They Set?
More Entertainment Quizzes
Cartoon Character by Three Iterations
Published
Trending Quizzes
Risky Map Clicking: Least Populous States A-Z
1-10 Letter G Words
1-10 Letter F Words
Risky Map Clicking: Next State Alphabetically
'A' Boys' Names Grid
Recently Updated
Leaping Animals
pecheneg
Reality TV Shows (A-Z)
bhenderson79
Rickey Henderson's Hall of Fame Teammates
pecheneg
Champions League XIs: Arsenal
pecheneg
Quick Pick: Celebrities in WWE's Hall of Fame
aduchscher
A-Z Keypad Blitz II
pecheneg
Multiple Oscar Actors
pecheneg
Mystery Phrase Blitz: Oscar 'Best Actors'
pecheneg
F. Scott Fitzgerald Novels
LTH
Pick 3 Villains
ddd62291
Trending Topics
Anime
Disney
Kpop
Crossword
Marvel
Harry Potter
NBA
WWE
Country
The Office
Pokémon
NFL
Song
Soccer
Puzzle
Your Account Isn't Verified!
In order to create a playlist on Sporcle, you need to verify the email address you used during registration. Go to your
Sporcle Settings
to finish the process.
Report this User
Report this user for behavior that violates our
Community Guidelines
.
Details:
Send Report
Go to the Sporcle.com Mobile Site →
Comments